<?xml version="1.0" encoding="UTF-8"?>
<marc:record xmlns:marc="http://www.loc.gov/MARC21/slim">
   <marc:leader>00000nam a2200000 a 4500</marc:leader>
   <marc:datafield ind1="1" ind2=" " tag="100">
      <marc:subfield code="a">Roberts, Sheila</marc:subfield>
      <marc:subfield code="4">aut</marc:subfield>
      <marc:subfield code="e">Verfasser/-in</marc:subfield>
   </marc:datafield>
   <marc:datafield ind1="1" ind2=" " tag="100">
      <marc:subfield code="a">Reheuser, Bernd</marc:subfield>
   </marc:datafield>
   <marc:datafield ind1=" " ind2=" " tag="653">
      <marc:subfield code="a">Weihnachten</marc:subfield>
   </marc:datafield>
   <marc:datafield ind1="0" ind2="0" tag="245">
      <marc:subfield code="a">Weihnachtsbote auf vier Pfoten</marc:subfield>
   </marc:datafield>
   <marc:datafield ind1="0" ind2="0" tag="245">
      <marc:subfield code="c">Sheila Roberts</marc:subfield>
   </marc:datafield>
   <marc:datafield ind1=" " ind2="1" tag="264">
      <marc:subfield code="b">Weltbild</marc:subfield>
      <marc:subfield code="c">2012</marc:subfield>
   </marc:datafield>
   <marc:datafield ind1="1" ind2=" " tag="520">
      <marc:subfield code="a">Dieser Kater erobert Ihr Herz im Sturm Der herrenlose Kater Ambrose sieht sich schon in den ewigen Jagdgründen, als ihm in letzter Sekunde der Feuerwehrmann Zach das Leben rettet. Prompt folgt er Zach nach Hause. Der ist davon gar nicht begeistert und versucht, den anhänglichen Streuner wieder loszuwerden - vergeblich. Um sich bei seinem Lebensretter zu revanchieren, beschließt der Kater, dem Beziehungsmuffel Zach in Sachen Liebe auf die Sprünge zu helfen. Denn für Ambrose steht fest: Die nette Verkäuferin aus der Zoohandlung ist genau die Richtige für ihn ... Anrührende Romantic Comedy - tierisch gut! Das perfekte Weihnachtsgeschenk!</marc:subfield>
   </marc:datafield>
   <marc:datafield ind1="0" ind2=" " tag="490">
      <marc:subfield code="v">0</marc:subfield>
   </marc:datafield>
   <marc:datafield ind1=" " ind2=" " tag="300">
      <marc:subfield code="a">4 CD`s, 300 min.</marc:subfield>
   </marc:datafield>
</marc:record>
